000 01091nmm a2200361 a 4500
003 AR-BaBNM
005 20251128211011.0
008 112020s1999 ||||||||||||||000 | spa||
040 _cAR-BaBNM
110 1 _aSanta Fe
_bGobierno de Santa Fe
_bComisión de Diseño Curricular
245 1 0 _aTercer ciclo EGB
260 _aSanta Fe
_bMinisterio de Educación
_c1999
300 _a132 p.
504 _aContiene referencias bibliográficas al final de cada capítulo
650 4 _aCURRICULO
650 4 _aENSEÑANZA DE SEGUNDA LENGUA
650 4 _aENSEÑANZA DE IDIOMAS
650 4 _aLENGUA EXTRANJERA
650 4 _aDESARROLLO DEL CURRICULO
650 4 _aEDUCACION DE ADULTOS
651 4 _aSanta Fe
653 _aTERCER CICLO DE LA EGB
653 _aDISEÑO CURRICULAR
653 _aENSEÑANZA DE LA LENGUA
653 _aESTRATEGIAS DIDACTICAS
653 _aESTRATEGIAS DIDACTICAS
653 _aGESTION CURRICULAR
653 _aEXPECTATIVAS DE LOGRO
653 _aCONTENIDOS CURRICULARES
653 _aADAPTACIONES CURRICULARES
942 _cBK
998 _craquel
999 _c17829
_d17829